Normal view MARC view
  • Murād, K̲h̲urram

Entry Personal Name

Number of records used in: 1

001 - CONTROL NUMBER

  • control field: 130255

003 - CONTROL NUMBER IDENTIFIER

  • control field: NUST

005 - DATE AND TIME OF LATEST TRANSACTION

  • control field: 20250805120129.0

008 - FIXED-LENGTH DATA ELEMENTS

  • fixed length control field: 250805|| aca||aabn | a|a d

040 ## - CATALOGING SOURCE

  • Original cataloging agency: NUST
  • Transcribing agency: NUST

100 ## - HEADING--PERSONAL NAME

  • Personal name: Murād, K̲h̲urram

670 ## - SOURCE DATA FOUND

  • Source citation: Work cat.: (NUST)614448: 24905, Rūzah aur Ramaẓān :, 2000
© 2023 Central Library, National University of Sciences and Technology. All Rights Reserved.